Представление документа в формате MARC21

Поле Инд. ПП Название Значение
Тип записи a
Библиографический уровень b
001 Контрольный номер RU/IS/BASE/160246395
005 Дата корректировки 20200601191522.4
008 Кодируемые данные 19951027
084 a Индекс другой классификации/Индекс ББК 68.1(7США); 68.1(2Рос); 66.4
097 00 a 700
100 10 a Автор Ксенофонтов В. Н.
245 00 a Заглавие Военно-политические взгляды за рубежом
650 a Основная рубрика внешняя политика
a Основная рубрика военная политика
a Основная рубрика военное дело
a Основная рубрика международные отношения
a Основная рубрика политика
653 00 a Ключевые слова международные организации
a Ключевые слова Россия
a Ключевые слова США
773 00 t Заглавие источника Социально-политический журнал
d Дата издания источника 1995
g Прочая информация № 3. - С. 179 - 189
w Контрольный № источника RU/IS/BASE/141310123
901 t Тип документа b